Mary Ford's new book of cake decorating

Bibliographic Details
Main Author: Ford, Mary
Format: Book
Published: England : Mary Ford Publications Limited , 1994
Series:The Classic step-by-step series
Subjects:

MARC

LEADER 00000cam a2200000 7i4500
001 0000006372
002 000006880
005 20000330.0
020 |a 0946429456 
090 0 0 |a 641.8653   |b FOR 
100 1 |a Ford, Mary 
245 1 0 |a Mary Ford's new book of cake decorating   |c Mary Ford 
260 |a England :   |b Mary Ford Publications Limited ,   |c 1994 
300 |a 224p. ;   |c 28cm. 
490 0 |a The Classic step-by-step series 
650 0 0 |a Cake decorating 
999 |a 037981   |b BUKU   |c PINJAMAN   |e PERPUSTAKAAN KOMUNITI PETALING JAYA